000 00295nam a22001337a 4500
008 170131b xxu||||| |||| 00| 0 eng d
020 _a9780323045520
041 _aeng
080 _a61
100 _a3
101 _aSHM
245 _a2007 INTRAVENOUS MEDICATIONS
_cGAHART, B.L
942 _2udc
_cBK
999 _c4106
_d4106